Propeller handbook: the complete reference for choosing, installing and understanding boat propellers

Uloženo v:
Podrobná bibliografie
Hlavní autor: Gerr, Dave (Autor)
Médium: Kniha
Jazyk:angličtina
Vydáno: Camden International Marine 2001
Témata:
Tagy: Přidat tag
Žádné tagy, Buďte první, kdo vytvoří štítek k tomuto záznamu!

MARC

LEADER 00000nam a2200000 a 4500
001 UCI4042
003 CL-VaPUC
008 071214e20010000us |||||||||||||||||eng|d
020 |a 0071381767 
082 0 4 |a 623.873  |b GER  |2 21 
100 0 |a Gerr, Dave  |e author  |9 525673 
245 1 0 |a Propeller handbook: the complete reference for choosing, installing and understanding boat propellers 
300 |a 152 p 
942 |c BK 
945 |d 20071214 00:00:00  |a jtorresc 
260 |a Camden  |b International Marine  |c 2001 
650 7 |a HELICES  |2 CL-VaPUC  |9 261993 
650 0 |a Diseño y construcción  |9 260862 
650 7 |a PROPULSION DE BARCOS  |2 CL-VaPUC  |9 261994 
583 |a last modification  |c 20171115 10:14:21  |k Rodrigo Vera 
999 |c 328042  |d 328040 
952 |0 0  |1 0  |4 0  |6 623_873000000000000_GER_2001  |7 0  |8 CCM  |9 411720  |a BIBCUR  |b BIBCUR  |d 2019-11-22  |i 4395794  |o 623.873 GER 2001  |p 4395794  |r 2025-04-22  |w 2019-11-22  |y BK  |k CIM